Statistics for Země podle písmene - N

Click here to take the quiz!

General Stats

  • This quiz has been taken 112 times
  • The average score is 7 of 10

Answer Stats

Stát% Correct
Norsko
92%
Nizozemsko
82%
Namibie
79%
Niger
77%
Německo
69%
Nepál
67%
Nigérie
64%
Nikaragua
62%
Nový Zéland
59%
Nauru
44%

Score Distribution

Percentile by Number Answered

Percent of People with Each Score

Your Score History

You have not taken this quiz